<?xml version="1.0" encoding="UTF-8"?>
<record
    xmlns:xsi="http://www.w3.org/2001/XMLSchema-instance"
    xsi:schemaLocation="http://www.loc.gov/MARC21/slim http://www.loc.gov/standards/marcxml/schema/MARC21slim.xsd"
    xmlns="http://www.loc.gov/MARC21/slim">

  <leader>02629nam a2200349   4500</leader>
  <controlfield tag="001">ESSALUD</controlfield>
  <controlfield tag="005">20260702143715.0</controlfield>
  <controlfield tag="007">ta</controlfield>
  <controlfield tag="008">      t        pe ||||| |||| 00| 0 spa d</controlfield>
  <datafield tag="040" ind1=" " ind2=" ">
    <subfield code="a">BMG</subfield>
  </datafield>
  <datafield tag="041" ind1=" " ind2=" ">
    <subfield code="a">spa</subfield>
  </datafield>
  <datafield tag="100" ind1=" " ind2=" ">
    <subfield code="a">Cornejo Cachay, Diego Leonel </subfield>
    <subfield code="e">Autor</subfield>
    <subfield code="9">50471</subfield>
  </datafield>
  <datafield tag="245" ind1=" " ind2=" ">
    <subfield code="a">Actos privados, falta grave y despido del personal de direcci&#xF3;n</subfield>
    <subfield code="b">Una lectura desde el Derecho del Trabajo</subfield>
  </datafield>
  <datafield tag="246" ind1=" " ind2=" ">
    <subfield code="a">Pr&#xED;vate acts, serious misconduct, and the dismissal of managerial personnel</subfield>
    <subfield code="b">A reading from Labor Law</subfield>
  </datafield>
  <datafield tag="300" ind1=" " ind2=" ">
    <subfield code="a">p&#xE1;ginas 112-123</subfield>
  </datafield>
  <datafield tag="520" ind1=" " ind2=" ">
    <subfield code="a">El art&#xED;culo propone una lectura cr&#xED;tica del despido del personal de direcci&#xF3;n
cuando se fundamenta en conductas desarrolladas fuera del &#xE1;mbito estrictamente laboral.
Se sostiene que el poder disciplinario del empleador no puede operar de forma
autom&#xE1;tica ni expansiva frente a actos privados, incluso trat&#xE1;ndose de altos directivos.
La falta grave exige una afectaci&#xF3;n real y jur&#xED;dicamente relevante de la buena fe laboral,
evaluada con criterios de proporcionalidad y razonabilidad. El despido aparece, as&#xED;,
como un mecanismo excepcional, condicionado a la protecci&#xF3;n leg&#xED;tima de la empresa
sin vaciar el contenido garantista del Derecho del Trabajo. 
</subfield>
  </datafield>
  <datafield tag="520" ind1=" " ind2=" ">
    <subfield code="a"> This article offers a critical analysis of the dismissal of managerial personnel when it is
based on conduct occurring outside the strict scope of the employment relationship. lt argues that
the employer's disciplinary power cannot operate automatically or expansively with respect to private
conduct, even in the case of senior executives. Serious misconduct requires a real and legally relevant
impairment of the duty of good faith in employment, assessed in accordance with the principles of
proportionality and reasonableness. Dismissal thus emerges as on exceptional measure, conditioned
upon the legitimate protection of the enterprise without undermining the protective foundations of
labor law.
</subfield>
  </datafield>
  <datafield tag="650" ind1=" " ind2=" ">
    <subfield code="a">TRABAJADOR</subfield>
    <subfield code="9">53174</subfield>
  </datafield>
  <datafield tag="650" ind1=" " ind2=" ">
    <subfield code="a">PERSONAL DE DIRECCI&#xD3;N</subfield>
    <subfield code="9">53175</subfield>
  </datafield>
  <datafield tag="650" ind1=" " ind2=" ">
    <subfield code="a">IMAGEN INSTITUCIONAL</subfield>
    <subfield code="9">11346</subfield>
  </datafield>
  <datafield tag="650" ind1=" " ind2=" ">
    <subfield code="a">REPRESENTACI&#xD3;N EMPRESARIAL </subfield>
    <subfield code="9">53176</subfield>
  </datafield>
  <datafield tag="650" ind1=" " ind2=" ">
    <subfield code="a">VIDA PRIVADA</subfield>
    <subfield code="9">53177</subfield>
  </datafield>
  <datafield tag="650" ind1=" " ind2=" ">
    <subfield code="a">DESPIDO</subfield>
    <subfield code="9">4033</subfield>
  </datafield>
  <datafield tag="650" ind1=" " ind2=" ">
    <subfield code="a">EMPLOYEE</subfield>
    <subfield code="9">53178</subfield>
  </datafield>
  <datafield tag="650" ind1=" " ind2=" ">
    <subfield code="a">MANAGERIAL PERSONNEL </subfield>
    <subfield code="9">53179</subfield>
  </datafield>
  <datafield tag="650" ind1=" " ind2=" ">
    <subfield code="a">CORPOROTE IMAGE </subfield>
    <subfield code="9">53180</subfield>
  </datafield>
  <datafield tag="650" ind1=" " ind2=" ">
    <subfield code="a">CORPORATE REPRESENTATION </subfield>
    <subfield code="9">53181</subfield>
  </datafield>
  <datafield tag="650" ind1=" " ind2=" ">
    <subfield code="a">PRIVATE LIFE</subfield>
    <subfield code="9">53182</subfield>
  </datafield>
  <datafield tag="650" ind1=" " ind2=" ">
    <subfield code="a">DISMISSAL</subfield>
    <subfield code="9">53170</subfield>
  </datafield>
  <datafield tag="773" ind1="0" ind2=" ">
    <subfield code="0">22614</subfield>
    <subfield code="9">22623</subfield>
    <subfield code="d">Lima Grupo Praxis Formaci&#xF3;n Profesional, 2026-</subfield>
    <subfield code="o">PRALAB001</subfield>
    <subfield code="t">Praxis Laboral &amp; Procesal Laboral</subfield>
    <subfield code="w">ESSALUD</subfield>
    <subfield code="x">3119-768X</subfield>
  </datafield>
  <datafield tag="942" ind1=" " ind2=" ">
    <subfield code="c">ARTICULOS</subfield>
    <subfield code="e">2026-07-02</subfield>
    <subfield code="z">SQB</subfield>
  </datafield>
  <datafield tag="999" ind1=" " ind2=" ">
    <subfield code="c">22623</subfield>
    <subfield code="d">22623</subfield>
  </datafield>
</record>
